000 00321 a2200157 4500
001 59499
020 _a9783191016739
040 _cAnchieta - Pituba
100 _aSpecht, Franz
240 1 0 _aFaust
_lpor
245 1 0 _aFaust
300 _a56
362 0 _a2010
650 4 _aLiteratura juvenil em alemão
942 _cBK
999 _c59499
_d59499